|
|
|
|
| LEADER |
00000nam0a2200000 4500 |
| 001 |
31238 |
| 005 |
20231030204406.0 |
| 010 |
|
|
|a 5020025860
|
| 035 |
|
|
|a (RuTPU)RU\TPU\book\31515
|
| 035 |
|
|
|a BOOK00000002
|
| 090 |
|
|
|a 31238
|
| 100 |
|
|
|a 20011209d2001 k y0rusy50 ca
|
| 101 |
0 |
|
|a rus
|
| 102 |
|
|
|a RU
|
| 105 |
|
|
|a y z 001zy
|
| 200 |
1 |
|
|a Операторы управления и итерационные алгоритмы в задачах вариационного усвоения данных
|f В. П. Шутяев
|
| 210 |
|
|
|a Москва
|c Наука
|d 2001
|
| 215 |
|
|
|a 239 с.
|
| 320 |
|
|
|a Библиогр.: с. 221-239.
|
| 610 |
1 |
|
|a математика
|
| 610 |
1 |
|
|a оптимальное управление
|
| 610 |
1 |
|
|a операторы
|
| 610 |
1 |
|
|a функции
|
| 610 |
1 |
|
|a нелинейные задачи
|
| 610 |
1 |
|
|a возмущения
|
| 610 |
1 |
|
|a алгоритмы
|
| 610 |
1 |
|
|a сопряженные уравнения
|
| 610 |
1 |
|
|a данные
|
| 610 |
1 |
|
|a источники
|
| 610 |
1 |
|
|a восстановление
|
| 610 |
1 |
|
|a задачи
|
| 675 |
|
|
|a 517.977
|v 3
|
| 700 |
|
1 |
|a Шутяев
|b В. П.
|g Виктор Петрович
|
| 801 |
|
0 |
|a RU
|b 63413507
|c 20011209
|g PSBO
|
| 801 |
|
2 |
|a RU
|b 63413507
|c 20191125
|g RCR
|
| 942 |
|
|
|c BK
|